000 00603nam a2200181Ia 4500
008 151018s9999 xx 000 0 und d
082 _bRBASDV4835
_a891.463
100 _aप्रल्हाद केशव अत्रे
245 _aघराबाहेर
250 _b6
260 _bनवभारत प्रकाशन
_c1959
300 _a104
600 _aप्रल्हाद केशव अत्रे
630 _aघराबाहेर
700 _aप्रल्हाद केशव अत्रे
730 _aघराबाहेर
942 _cBOOK
999 _c1007220
_d1007217